Organización y participación popular en el campo /
sin resumen
Enregistré dans:
| Auteur principal: | |
|---|---|
| Format: | Texte |
| Langue: | Spanish |
| Sujets: | |
| Tags: |
Ajouter un tag
Pas de tags, Soyez le premier à ajouter un tag!
|
MARC
| LEADER | 00000 a a2200000 04500 | ||
|---|---|---|---|
| 001 | 17253 | ||
| 003 | cru IIS | ||
| 005 | 20211026144753.0 | ||
| 008 | 211026b |||||||| |||| 00| 0 spa d | ||
| 040 | |c cru IIS | ||
| 100 | |a Fauné, María Angélica | ||
| 245 | |a Organización y participación popular en el campo / |c María Angélica Fauné | ||
| 500 | |a Colección Centroamérica | ||
| 520 | |a sin resumen | ||
| 650 | |a PARTICIPACION SOCIAL | ||
| 650 | |a ORGANIZACIONES CAMPESINAS | ||
| 773 | |g número 5; páginas 105-129 | ||
| 773 | 0 | |0 43942 |9 6274 |a Nicaragua. |d Masaya, Nicaragua: Ministerio de Desarrollo Agropecuario y de Reforma Agraria. Centro de Investigación en Reforma Agraria |o MFN: 1721 |t Revolución y Desarrollo / | |
| 942 | |2 ddc |c PP | ||
| 999 | |c 36976 |d 36976 | ||
